000 00298nam a2200121Ia 4500
008 190216s9999||||xx |||||||||||||| ||und||
100 _aJoseph J Carr
245 0 _aFm Stereo/Quad Receiver Servicing Manual
260 _bFoulsham Tab Ltd
_c1974
300 _a192p
650 _aPhysics
942 _cBK
999 _c33060
_d33060